00639nam a2200193Ia 450000500170000000800410001702000180005804000130007608200130008910000180010224500450012026000410016530000140020654600120022065000330023294200070026595201560027299900170042820260423115654.0231207s9999 xx 000 0 und d a9789812454683 cPK-LaNCA a080bMAC aLehmann, Falk 0aMa'Claim: finest photorealistic graffiti bPage One PublishingaSingaporec2006 a160pbill aEnglish aGraffiti. Graffiti movement. cBK 0010406080_000000000000000_MAC_3128770926859aNCAbNCAcLibrary Basement d2023-12-08l0o080 MAC 31287p31287r2023-12-08 00:00:00w2023-12-08yBK c26859d26859